00564nam a2200193 a 4500001001300000003000900013005001700022008004100039020001100080082001600091100002300107245003200130260004900162300000900211500003500220505005200255650004000307700002300347nice12345678IN_TiNIC20260116013729.0050524s1996 newa grp 000 0 eng  ac120600a340.59bWHE aWheeler, Brannon M aApplying the Canon in Islam aNew YorkbState University of New Yorkc1996 a324p aincludes index and biblioraphy2 aSelected Bibliography, Abbreviation, Commentary aIslamic-Law Interpretarion and Cons1 aWheeler, Brannon M